000 00738nab a2200229 a 4500
005 20210219155215.0
008 991125s1985 mx 000 0 spa u
035 _aUPN01000140659
100 1 _aCastejón Fernández, Luis
222 0 _aREVISTA DE PSICOLOGIA GENERAL Y APLICADA
245 0 0 _aVariables cognitivo-motivacionales y afectivas en intervención
260 _aValencia, España
300 _a299-314
362 0 _a2004 Vol. 57, no. 3, oct.
653 0 _aINTERVENCION LOGOPEDICA
653 0 _aAUTOESTIMA
653 0 _aPROBLEMAS DE LENGUAJE
653 0 _aPROCESO ENSEÑANZA-APRENDIZAJE
700 1 _aGonzález Pineda, Julio Antonio,
_ecoaut.
700 1 _aNúñez Pérez, José Carlos,
_ecoaut.
905 _aArticulo
999 _c112807
_d112807